000240066 001__ 240066
000240066 005__ 20210922173109.0
000240066 0247_ $$2BMBF$$aG:(BMBF)03SF0465$$d03SF0465
000240066 0247_ $$2Dimensions$$aG:(Dimensions)grant.7905355$$dgrant.7905355
000240066 035__ $$aG:(BMBF)03SF0465
000240066 150__ $$aOptimAL - Optimierte Algen für eine nachhaltige Luftfahrt$$y2014-02-01 - 2017-12-31
000240066 5101_ $$0I:(DE-588b)5309538-8 $$aFederal Ministry of Education and Research$$bBMBF
000240066 909CO $$ooai:juser.fz-juelich.de:895921$$pauthority$$pauthority:GRANT
000240066 909CO $$ooai:juser.fz-juelich.de:895921
000240066 980__ $$aG
000240066 980__ $$aAUTHORITY